000 01043nam a22002417a 4500
999 _c11824
_d11824
003 AR-CdUCM
008 190405b ||||| |||| 00| 0 spa d
040 _aMUNICIPALIDAD PROVINCIAL DEL CUSCO
_cBIBLIOTECA MUNICIPAL DEL CUSCO
041 _hger
082 _a347.9 /
_bW28 /1845
100 _aWalter, Fernando
_929380
245 _aManual de derecho eclesiástico de todas las confesiones cristianas /
260 _aMadrid :
_bImprenta de la sociedad literaria y tipográfica,
_c1845.
300 _a429 paginas ;
_c31 cm.
500 _aDedicatoria
505 _aContenido :Del derecho eclesiástico en si mismo -- Bases de la iglesia católica -- Los apóstoles y las iglesias que fundaron -- Pedro y su vocación -- Historia de la iglesia de oriente --- Estado de la iglesia griega...
650 _aIglesia católica
_93151
650 _aFuentes del derecho eclesiástico
_929381
650 _aIdea de Cristo y apóstoles
_929382
700 _aRoquemout, A. de (Traductor)
_929383
942 _2ddc
_cLIBROS
945 _awnts
_d2019-04-05